00767nam a2200169 a 450000500170000000800410001702000180005805000180007610000190009424500490011325000120016226000530017444000420022752002560026965000410052565000310056620140414132116.0111026s19uu xx 00 eng d a9781423101468 aFICbR48 2008 aRiordan, Rick. aThe battle of the Labyrinth /cRick Riordan. a1st ed. aNew York :bHyperion Books for Children,cc2008. aPercy Jackson & the Olympians ; bk. 4 aWhen demonic cheerleaders invade his high school, Percy Jackson hurries to Camp Half Blood, from whence he and his demigod friends set out on a quest through the Labyrinth, while the war between the Olympians and the evil Titan lord Kronos draws near. aAnimals, MythicalxJuvenile fiction. aMythology, GreekxFiction.